Captioned television videotapes : effects of visual support on second language comprehension (Record no. 63660)

MARC details
000 -CABECERA
campo de control de longitud fija 00619nam a2200205 a 4500
005 - FECHA Y HORA DE LA ÚLTIMA TRANSACCIÓN
campo de control 20210219152916.0
008 - ELEMENTOS DE LONGITUD FIJA--INFORMACIÓN GENERAL
campo de control de longitud fija 991125n 000 0 eng u
035 ## - NÚMERO DE CONTROL DEL SISTEMA
Número de control de sistema UPN01000066794
100 1# - ASIENTO PRINCIPAL--NOMBRE PERSONAL
Nombre de persona Markham, P. L
222 ## - TÍTULO CLAVE
Título clave JOURNAL OF EDUCATIONAL TECHNOLOGY SYSTEMS
245 ## - MENCIÓN DE TÍTULO
Título Captioned television videotapes : effects of visual support on second language comprehension
300 ## - DESCRIPCIÓN FÍSICA
Extensión 183-191
362 0# - FECHAS DE PUBLICACIÓN Y/O DESIGNACIÓN SECUENCIAL
Fecha de publicación y/o designación secuencial 1992-1993 Vol. 21, no. 3
653 0# - TERMINO DE INDIZACION - NO CONTROLADO
Término no controlado APRENDIZAJE
653 0# - TERMINO DE INDIZACION - NO CONTROLADO
Término no controlado ESTIMULO VISUAL
653 0# - TERMINO DE INDIZACION - NO CONTROLADO
Término no controlado GRABACION EN CINTAS DE VIDEO
653 0# - TERMINO DE INDIZACION - NO CONTROLADO
Término no controlado INGLES (LENGUA)
904 ## - ELEMENTOS DE DATOS D LOCAL, LDD (RLIN)
a AC
b 004605
905 ## - TIPO DE MATERIAL
Tipo de material Articulo

No items available.